Detalles MARC
| 000 -CABECERA |
| campo de control de longitud fija |
00918nam a2200241 a 4500 |
| 001 - NÚMERO DE CONTROL |
| campo de control |
000022991 |
| 005 - FECHA Y HORA DE LA ÚLTIMA TRANSACCIÓN |
| campo de control |
20200930021922.0 |
| 008 - DATOS DE LONGITUD FIJA--INFORMACIÓN GENERAL |
| campo de control de longitud fija |
101124s1986 ag a r 000 0 spa d |
| 020 ## - NÚMERO INTERNACIONAL ESTÁNDAR DEL LIBRO |
| Número Internacional Estándar del Libro |
9509432563 |
| 040 ## - FUENTE DE LA CATALOGACIÓN |
| Centro catalogador/agencia de origen |
DO-SdBNP |
| Lengua de catalogación |
spa |
| Centro/agencia transcriptor |
BNPHU |
| 082 ## - NÚMERO DE LA CLASIFICACIÓN DECIMAL DEWEY |
| Número de clasificación |
341.734 |
| Número de documento/Ítem |
F312d |
| 049 ## - FONDOS LOCALES (OCLC) |
| Fondos de biblioteca |
BNGR |
| 100 1# - ENTRADA PRINCIPAL--NOMBRE DE PERSONA |
| Nombre de persona |
Feld, Werner J. |
| 9 (RLIN) |
47284 |
| 245 10 - MENCIÓN DE TÍTULO |
| Título |
Disuasión o guerra : |
| Resto del título |
laspolíticas de lo impensable / |
| Mención de responsabilidad, etc. |
Werner J. Feld , John K. Wildgen ; traducción Antonio Bonanno. |
| 260 ## - PUBLICACIÓN, DISTRIBUCIÓN, ETC. |
| Lugar de publicación, distribución, etc. |
Buenos Aires, Argentina : |
| Nombre del editor, distribuidor, etc. |
Grupo Editor Latinoamericano (GEL), |
| Fecha de publicación, distribución, etc. |
1986. |
| 300 ## - DESCRIPCIÓN FÍSICA |
| Extensión |
182 p. : |
| Otras características físicas |
il. ;. |
| 504 ## - NOTA DE BIBLIOGRAFÍA, ETC. |
| Nota de bibliografía, etc. |
Incluye referencias bibliográficas y notas al pie de las páginas. |
| 650 #4 - PUNTO DE ACCESO ADICIONAL DE MATERIA--TÉRMINO DE MATERIA |
| Término de materia o nombre geográfico como elemento de entrada |
Control de armas químicas |
| Subdivisión general |
Congresos |
| 9 (RLIN) |
47285 |
| 650 #4 - PUNTO DE ACCESO ADICIONAL DE MATERIA--TÉRMINO DE MATERIA |
| Término de materia o nombre geográfico como elemento de entrada |
Control de armas nucleares |
| Subdivisión general |
Congresos |
| 9 (RLIN) |
47286 |
| 651 #4 - PUNTO DE ACCESO ADICIONAL DE MATERIA--NOMBRE GEOGRÁFICO |
| Nombre geográfico |
Estados Unidos |
| Subdivisión general |
Política Militar |
| 9 (RLIN) |
1496 |
| 700 1# - PUNTO DE ACCESO ADICIONAL--NOMBRE DE PERSONA |
| Nombre de persona |
Wildgen, John K., |
| 9 (RLIN) |
47287 |
| 700 1# - PUNTO DE ACCESO ADICIONAL--NOMBRE DE PERSONA |
| Nombre de persona |
Bonanno, Antonio, |
| Término indicativo de función/relación |
tr. |
| 9 (RLIN) |
9085 |